Vývoj a porovnání konkurence a koncentrace v bankovním a pojistném sektoru v České republice v letech 2007-2019
Vývoj a porovnanie konkurencie a koncentrácie v bankovom a poisťovacom sektore v Českej republike v období rokov 2007-2019 pomocou Herfindahl-Hirschmanovho indexu (HH index). Stupeň koncentrácie a indexy osobitne pre bankový a poisťovací trh, kde hlavnou premennou vo vzťahu k bankám je súvaha a tout...
Salvato in:
| Autore principale: | |
|---|---|
| Altri autori: | |
| Natura: | Capitolo di libro |
| Lingua: | ceco |
| Soggetti: | |
| Tags: |
Nessun Tag, puoi essere il primo ad aggiungerne!!
|
MARC
| LEADER | 00000naa a2200000 4500 | ||
|---|---|---|---|
| 001 | 0273095 | ||
| 005 | 20210416105258.7 | ||
| 041 | 0 | |a cze | |
| 044 | |a CZ | ||
| 245 | 1 | 0 | |a Vývoj a porovnání konkurence a koncentrace v bankovním a pojistném sektoru v České republice v letech 2007-2019 |c Petra Budská, Luboš Fleischmann |
| 520 | |a Vývoj a porovnanie konkurencie a koncentrácie v bankovom a poisťovacom sektore v Českej republike v období rokov 2007-2019 pomocou Herfindahl-Hirschmanovho indexu (HH index). Stupeň koncentrácie a indexy osobitne pre bankový a poisťovací trh, kde hlavnou premennou vo vzťahu k bankám je súvaha a touto premennou je hrubé predpísané poistné vo vzťahu k poisťovniam. Dva skúmané sektory vrátane analýzy ich dlhodobej rovnováhy. Poistenie počas celého skúmania vykazuje vyššie hodnoty indexu HH, a teda nižšiu konkurencieschopnosť v porovnaní s bankovým trhom. | ||
| 610 | 2 | 0 | |a konkurencia |
| 610 | 2 | 0 | |a trh poistný |
| 610 | 2 | 0 | |a bankovníctvo |
| 610 | 2 | 0 | |a poisťovníctvo |
| 610 | 2 | 0 | |a koncentrácia |
| 610 | 2 | 0 | |a Česko |
| 100 | 1 | |a Budská, Petra | |
| 700 | 1 | |a Fleischmann, Luboš | |